000 00270 a2200121 4500
005 20250623142705.0
082 _a9191 CHE
100 _aCHENGE, A. J.
245 _aThe Income Tax Act, 1973
260 _aDar es Salaam,
_c1973
300 _a1974p.;
_c29cm
942 _2ddc
_cBKS
999 _c4679
_d4679